banner-ar

THE LEGEND OF THE LIGHTER / (Record no. 15766)

MARC details
000 -الفاتح
حقل البيانات ثابتة الطول 00541nam a2200205Ia 4500
008 - عناصر البيانات ثابتة الطول - معلومات عامة
حقل البيانات ثابتة الطول 140319s9999 xx 000 0 eng d
040 ## - مصدر الفهرسة
وكالة الفهرسة الأصلية GCL /
وكالة النسخ GCL
082 04 - رقم تصنيف ديوى العشرى
رقم التصنيف 688.4
رقم المادة W L
100 1# - المدخل الرئيسى - إسم شخصى
الإسم الشخصى WEERT, ADVAN
245 10 - بيان العنوان
العنوان THE LEGEND OF THE LIGHTER /
بيان المسئوليه,etc WEERT, ADVAN
700 1# - المدخل الاضافى - اسم شخصى
الإسم الشخصى BROMET, JOOP
700 1# - المدخل الاضافى - اسم شخصى
الإسم الشخصى WEERT, ALLICE VAN
260 ## - PUBLICATION, DISTRIBUTION, ETC. (IMPRINT)
تاريخ النشر أو التوزيع 1995
300 ## - الوصف المادى
التعداد 192 P
650 04 - المدخل الاضافى بالموضوع-مصطلح موضوعى
مصطلح موضوعي الادب السويسرى
650 04 - المدخل الاضافى بالموضوع-مصطلح موضوعى
مصطلح موضوعي CIGARET
650 04 - المدخل الاضافى بالموضوع-مصطلح موضوعى
مصطلح موضوعي LIGHTER - HISTORY
942 ## - عناصر المدخل الإضافي( كوها)
مصدر التصنيف او مخطط الترفيف Dewey Decimal Classification
Koha [default] item type كتاب
260 ## - PUBLICATION, DISTRIBUTION, ETC. (IMPRINT)
-- [S.N] :
-- ABBEVILLE PRESS PUBLISHERS ،
Holdings
حالة التراجع حالة الفقد حالة تلف ليس للاعارة المكان المؤقت الموقع الحالى تاريخ الاكتساب اجمالي اﻻعارات رقم الطلب الباركود تاريخ اخر مشاهدة تاريخ تفعيل السعر نوع وعاء كوها
        مكتبة القاهرة الكبرى مكتبة القاهرة الكبرى 03/26/2014   688.4\W L 29035 03/26/2014 03/26/2014 كتاب

Powered By

EGPV